| 000 | 00564nam a2200181Ia 4500 | ||
|---|---|---|---|
| 008 | 140626s9999 xx 000 0 und d | ||
| 100 | _aNicholson, Laura. | ||
| 245 |
_aAccess to healthcare services by people with intellectual disabilities : _b a rural-urban comparison / _cLaura Nicholson... [et al.]. |
||
| 260 | _cc2011. | ||
| 300 | _a15 : 2, page 115 | ||
| 440 | _aJournal of Intellectual Disabilities | ||
| 521 | _aSPED | ||
| 650 | _aAccess. | ||
| 650 | _aHealth services. | ||
| 650 | _aIntellectual disabilities. | ||
| 650 | _aRural. | ||
| 942 | _cSE | ||
| 999 |
_c120966 _d120966 |
||